=LDR 00000nam 2200000 4500 =001 INLIS000000000006285 =005 20130612094432 =008 ***********************************Ind** =035 ##$$0010-061300000006285 =041 ##$$a Ind =082 ##$$a 200 =090 ##$$a 200, Sou a =100 ##$$a SOU'YB, Yusuf =245 ##$$a Agama-agama besar di dunia, Joesoef Sou'yb. -- =260 ##$$a 1993 $b Jakarta =300 ##$$a vi, 453 hlm, 21 cm =650 ##$$a Agama =850 ##$$a NBPNMAT